<?xml version="1.0" encoding="UTF-8"?>
<record
    xmlns:xsi="http://www.w3.org/2001/XMLSchema-instance"
    xsi:schemaLocation="http://www.loc.gov/MARC21/slim http://www.loc.gov/standards/marcxml/schema/MARC21slim.xsd"
    xmlns="http://www.loc.gov/MARC21/slim">

  <leader>00825nam a22002177a 4500</leader>
  <controlfield tag="005">20150507145458.0</controlfield>
  <controlfield tag="008">140714b        xxu||||| |||| 00| 0 Urdu d</controlfield>
  <datafield tag="010" ind1=" " ind2=" ">
    <subfield code="a">UR-8858</subfield>
  </datafield>
  <datafield tag="020" ind1=" " ind2=" ">
    <subfield code="c">60.00</subfield>
  </datafield>
  <datafield tag="035" ind1=" " ind2=" ">
    <subfield code="a">U-7413</subfield>
  </datafield>
  <datafield tag="037" ind1=" " ind2=" ">
    <subfield code="b">BPPD/Pub/Ven</subfield>
  </datafield>
  <datafield tag="040" ind1=" " ind2=" ">
    <subfield code="a">DPL</subfield>
    <subfield code="b">Urdu</subfield>
  </datafield>
  <datafield tag="082" ind1=" " ind2=" ">
    <subfield code="a">440.8</subfield>
  </datafield>
  <datafield tag="100" ind1=" " ind2=" ">
    <subfield code="a">&#x627; &#x62D;&#x645;&#x62F; &#x633;&#x62C;&#x627; &#x62F;</subfield>
  </datafield>
  <datafield tag="245" ind1=" " ind2=" ">
    <subfield code="a">&#x627; &#x631; &#x62F; &#x648;&#x632; &#x628;&#x627; &#x646;&#x648; &#x627; &#x62F; &#x628; &#x6A9;&#x6D2; &#x641;&#x631; &#x648; &#x63A; &#x648; &#x627; &#x631; &#x62A;&#x642;&#x627; &#x621;  &#x645;&#x64A;&#x646; &#x627; &#x633;&#x644;&#x627; &#x645;&#x6CC; &#x62A;&#x6C1;&#x632; &#x64A;&#x628; &#x6A9;&#x627; &#x6A9;&#x631; &#x62F; &#x627; &#x631; </subfield>
    <subfield code="c">&#x627; &#x62D;&#x645;&#x62F; &#x633;&#x62C;&#x627; &#x62F;</subfield>
  </datafield>
  <datafield tag="246" ind1=" " ind2=" ">
    <subfield code="a">Urdu Zaban wa Adab ke Farogh wa Irtaqa mein Islami Tehzeeb ka Kirdar</subfield>
    <subfield code="b">ByAhmad Sajjad</subfield>
  </datafield>
  <datafield tag="260" ind1=" " ind2=" ">
    <subfield code="b">Applied Books </subfield>
    <subfield code="c">2015</subfield>
    <subfield code="a">New Delhi</subfield>
  </datafield>
  <datafield tag="270" ind1=" " ind2=" ">
    <subfield code="a">1739/10,New Kohinoor Hotel Patoudi House,Darya Ganj,</subfield>
    <subfield code="b">N.Delhi</subfield>
    <subfield code="k">01123266347</subfield>
    <subfield code="e">110002</subfield>
  </datafield>
  <datafield tag="300" ind1=" " ind2=" ">
    <subfield code="a">56&#x635;</subfield>
    <subfield code="c">22Cm (Hb)</subfield>
  </datafield>
  <datafield tag="942" ind1=" " ind2=" ">
    <subfield code="2">ddc</subfield>
    <subfield code="c">UR</subfield>
    <subfield code="e"> </subfield>
    <subfield code="h">440.8</subfield>
    <subfield code="m">&#x627; &#x62D; &#x645;</subfield>
  </datafield>
  <datafield tag="999" ind1=" " ind2=" ">
    <subfield code="c">93398</subfield>
    <subfield code="d">93398</subfield>
  </datafield>
  <datafield tag="952" ind1=" " ind2=" ">
    <subfield code="0">0</subfield>
    <subfield code="1">0</subfield>
    <subfield code="2">ddc</subfield>
    <subfield code="4">0</subfield>
    <subfield code="7">1</subfield>
    <subfield code="8">NFIC</subfield>
    <subfield code="a">DBAD</subfield>
    <subfield code="b">DBAD</subfield>
    <subfield code="d">2015-05-07</subfield>
    <subfield code="e">DBAD/Pub.</subfield>
    <subfield code="g">60.00</subfield>
    <subfield code="l">0</subfield>
    <subfield code="o">440.8 &#x627; &#x62D; &#x645;</subfield>
    <subfield code="p">U-7413</subfield>
    <subfield code="r">2015-05-07 00:00:00</subfield>
    <subfield code="t">1</subfield>
    <subfield code="v">60.00</subfield>
    <subfield code="w">2015-05-07</subfield>
    <subfield code="y">UR</subfield>
  </datafield>
</record>
